| 000 | 00710nam a2200205 i 4500 | ||
|---|---|---|---|
| 001 | 117949 | ||
| 003 | ES-MaACL | ||
| 005 | 20230906191012.0 | ||
| 007 | t| | ||
| 008 | 070214s1971 sp r ||||1| spa d | ||
| 100 | 1 |
_aPelay Orozco, Miguel. _990021 |
|
| 245 | 1 | 3 |
_aLa encrucijada _b: ideas en torno al problema cultural vasco / _cMiguel Pelay Orozco. |
| 260 |
_aBilbao : _bLa Gran Enciclopedia Vasca, _c1971. |
||
| 300 |
_a151 p. ; _c23 cm. |
||
| 490 | 1 | _aColección Ayer, Hoy y Mañana del Pueblo y País Vascos | |
| 651 | 4 |
_aPaís Vasco- _xCultura. _99148 |
|
| 830 | 0 |
_aColección Ayer, Hoy y Mañana del Pueblo y País Vascos _9218454 |
|
| 852 |
_aES-MaACL _jC-44551 _bR.79286 |
||
| 999 |
_c117949 _d117949 |
||